| 000 | 00901cam a2200241 a 4500 | ||
|---|---|---|---|
| 001 | 13726356 | ||
| 005 | 20130130115310.0 | ||
| 008 | 040921r20041995dcua b 001 0 eng | ||
| 020 | _a0821359029 (pbk.) | ||
| 020 | _a9780821359020 | ||
| 082 | 0 | 0 |
_a332.67322 _222 _bFIC |
| 245 | 0 | 0 |
_aFiscal Incentives for Investment and Innovation / _cAnwar Shah, editor. |
| 260 |
_aWashington, D.C. : _bOxford University Press, _c2004. |
||
| 300 |
_axviii, 725 p. : _bill. ; _c24 cm. |
||
| 500 | _aOriginally published: Oxford [England] : Oxford University Press, c1995. | ||
| 504 | _aIncludes bibliographical references and index. | ||
| 650 | 0 |
_aInvestments, Foreign _zDeveloping countries. _932132 |
|
| 650 | 0 |
_aInvestment tax credit _zDeveloping countries. _932133 |
|
| 650 | 0 |
_aTax incentives _zDeveloping countries. _932134 |
|
| 653 |
_bEco _cJanuary2013 |
||
| 700 | 1 |
_aShah, Anwar. _932135 |
|
| 942 |
_2ddc _cBB |
||
| 999 |
_c17171 _d17143 |
||